[Event "HUN-chT 2018-19"]
[Site "Szombathely"]
[Date "2019.04.28"]
[Round "9.19"]
[White "Kantor, Gergely"]
[Black "Farago, Ivan"]
[Result "1-0"]
[WhiteElo "2501"]
[BlackElo "2354"]
[Annotator "TA"]
[PlyCount "77"]
[EventDate "2018.11.16"]
[EventType "team-tourn"]
[EventCountry "HUN"]
[SourceTitle "playchess.com"]
[Source "ChessBase"]
[SourceQuality "1"]

{[%evp 13,77,17,37,23,20,33,25,29,23,33,125,116,120,128,135,135,135,127,110,122,120,116,118,114,125,137,139,136,120,116,133,138,147,135,208,195,238,198,214,208,210,210,285,295,418,431,423,416,406,407,403,389,383,333,334,286,274,293,279,283,768,761,764,739,737,736]} 1. d4 Nf6 2. c4 e6 3. g3 d5 4. Bg2 dxc4 5. Nf3 Nc6 6. Qa4 Bb4+ 7. Bd2 Bd6 8. Ne5 {E04: Open Catalan: 5 Nf3} (8. Qxc4 O-O 9. Nc3 e5 10. dxe5 Nxe5 11. Nxe5 Bxe5 12. Rd1 c6 13. Bf4 Qe7 14. Bxe5 Qxe5 15. Qd4 Qc7 {½-½ (52) Xiong,J (2634)-Krasenkow,M (2671) Wijk aan Zee 2018}) 8... O-O 9. Nxc6 bxc6 10. O-O {White has an edge.} Rb8 11. Na3 $146 ({Predecessor:} 11. Bc3 c5 12. Qxa7 Rb6 13. dxc5 Bxc5 14. Qa4 Qd6 15. Nd2 {1-0 (15) Rolle,H (2122)-Sobirey,M (2027) LSS email 2008}) 11... Bd7 (11... Bxa3 $14 12. bxa3 (12. Qxa3 Qxd4 13. Bb4 Re8 $11) 12... Qxd4) 12. Nxc4 $16 c5 13. Qxa7 Nd5 14. Nxd6 cxd6 15. dxc5 Ra8 16. Qb7 {Hoping for c6.} Rb8 {[#]} 17. Qa6 $1 dxc5 18. Qa3 Qb6 19. b3 Bb5 20. Rfc1 Rfc8 21. Bf3 h6 22. Rc2 Ra8 23. Qb2 Qa6 (23... Ba6 $16 24. Rac1 f6) 24. Rac1 f6 25. Be1 (25. Rxc5 $6 Rxc5 26. Rxc5 Qxa2) 25... Be8 26. e4 (26. Rxc5 $6 Rxc5 27. Rxc5 Qxa2 $16) 26... Ne7 27. e5 (27. Rxc5 $6 Rxc5 28. Rxc5 Qxa2 $16) 27... Bc6 28. Be2 (28. exf6 $6 Bxf3 29. fxe7 Qa7 $16) 28... Bb5 (28... Qa3 $142 29. exf6 Qxb2 30. Rxb2 gxf6 31. Rxc5 Bb7) 29. Bxb5 $18 Qxb5 30. exf6 Nf5 {If only Black now had time for ...Nd4....} 31. Bc3 Qd3 32. Rd2 Qf3 33. Rd7 Rd8 34. f7+ Kf8 35. Qd2 Rxd7 36. Qxd7 Nh4 $2 {[#]} (36... Ne3 37. Qd6+ {[%mdl 64] Double Attack} (37. fxe3 Qxe3+ {[%mdl 64] Double Attack} 38. Kg2 Qe2+ {[%mdl 64] Double Attack} 39. Kh1 Qf3+ 40. Kg1 Qe3+ {[%mdl 64] Double Attack} 41. Kg2 Qe2+ {[%mdl 64] Double Attack} 42. Kh3 Qh5+ {[%mdl 64] Double Attack} 43. Kg2 Qe2+ $11 {[%mdl 64] Double Attack}) 37... Kxf7 38. Qd7+ Kf8 39. Bxg7+ {[%mdl 64] Discovered Attack} (39. fxe3 Qxe3+ {[%mdl 64] Double Attack} 40. Kg2 Qe2+ 41. Kh1 Qe4+ 42. Kg1 Qe3+ {[%mdl 64] Double Attack} 43. Kg2 Qe2+ 44. Kh1 Qe4+ 45. Kg1 Qe3+ $11 {[%mdl 64] Double Attack}) (39. Qxg7+ Ke8 $16) 39... Kg8 40. Qxe6+ {[%mdl 64] Double Attack} (40. fxe3 Qxe3+ {[%mdl 64] Double Attack} 41. Kg2 Qe2+ 42. Kg1 Rxa2 $11) 40... Kxg7 41. Qxe3 Qxe3 42. fxe3 Rxa2 43. Rxc5 Re2) 37. Qd6+ {White is clearly winning.} Kxf7 38. gxh4 Qg4+ 39. Qg3 {Accuracy: White = 89%, Black = 57%.} 1-0

[Event "HUN-chT 2018-19"]
[Site "Szombathely"]
[Date "2019.04.28"]
[Round "9.20"]
[White "Tompa, Janos"]
[Black "Horvath, Dominik"]
[Result "1-0"]
[WhiteElo "2366"]
[BlackElo "2449"]
[Annotator "TA"]
[PlyCount "65"]
[EventDate "2018.11.16"]
[EventType "team-tourn"]
[EventCountry "HUN"]
[SourceTitle "playchess.com"]
[Source "ChessBase"]
[SourceQuality "1"]

{[%evp 15,65,0,0,0,0,-3,22,23,18,22,6,19,13,24,20,23,32,29,60,54,147,136,156,150,161,115,112,116,113,106,154,164,159,155,194,153,173,154,238,233,464,473,618,616,649,612,812,749,690,682,29994,29995]} 1. e4 e5 2. Nf3 Nc6 3. d4 exd4 4. Bc4 Bc5 5. c3 Nf6 6. e5 d5 7. Bb5 Ne4 8. cxd4 Bb6 9. h3 {C54: Giuoco Piano: 4 c3 Nf6, main lines with 5 d4 and 5 d3} (9. Nc3 O-O 10. Be3 Bg4 11. h3 Bh5 12. Qc2 Bg6 13. Qb3 Ne7 14. O-O c6 15. Bd3 Nd2 16. Nxd2 Bxd3 17. Rfd1 Bg6 {0-1 (58) Aronian,L (2767)-Nakamura,H (2777) chess.com INT 2018}) 9... O-O {Threatening ...f6.} 10. Nc3 Bf5 11. O-O {The position is equal.} h6 12. Bxc6 $146 ({Predecessor:} 12. Be3 Bg6 13. Rc1 Ne7 14. Nh4 c6 15. Nxg6 Nxg6 16. Bd3 f5 17. exf6 Nxc3 18. bxc3 Rxf6 {½-½ (42) Palu,A (2212)-Sanz,L (2087) Buenos Aires 2017}) 12... bxc6 13. Be3 Nxc3 14. bxc3 Qe7 15. Qa4 Bd3 16. Rfe1 Bb5 17. Qc2 Ba5 (17... a5 $14) 18. a4 $16 Ba6 19. Bc1 $1 Qe6 20. Nd2 {Strongly threatening Nb3.} Qg6 21. Qxg6 fxg6 22. Re3 $1 {Hoping for Nb3.} Rab8 {[#]} 23. Ba3 $1 Rfe8 24. e6 c5 25. Bxc5 Rb2 26. Nf3 Bc8 (26... Rc2 $16 27. Bxa7 Rxc3) 27. e7 $18 ({Not} 27. Bxa7 Rxe6 28. Ne5 Rf6 $14) 27... a6 $2 (27... Rc2 28. Bxa7 Rxc3 29. Rxc3 Bxc3) 28. Ne5 Bf5 29. Rf3 Bb6 {[#] intending ...Bxc5.} 30. Ba3 $1 Re2 31. g4 c5 32. gxf5 cxd4 33. fxg6 {Accuracy: White = 85%, Black = 36%.} 1-0

[Event "HUN-chT 2018-19"]
[Site "Szombathely"]
[Date "2019.04.28"]
[Round "9.21"]
[White "Medvegy, Zoltan"]
[Black "Balint, Vilmos"]
[Result "*"]
[WhiteElo "2538"]
[BlackElo "2299"]
[Annotator "TA"]
[PlyCount "168"]
[EventDate "2018.11.16"]
[EventType "team-tourn"]
[EventCountry "HUN"]
[SourceTitle "playchess.com"]
[Source "ChessBase"]
[SourceQuality "1"]

{[%evp 20,168,29,29,97,38,45,37,49,19,27,12,27,18,54,39,35,36,55,24,23,29,45,48,127,88,89,93,81,65,83,83,89,80,99,92,86,79,74,83,107,59,60,44,41,44,56,54,67,26,39,37,30,0,0,-52,-53,-23,-33,-26,-15,-24,-24,-36,-19,-27,-21,-22,-18,-13,-12,-29,-12,-37,-16,-25,-20,-21,-17,-19,-8,-8,-8,-8,-8,-8,-8,-8,-8,-8,0,-8,-8,-8,0,0,0,-37,-37,-50,-57,-48,-29,-28,-23,-38,-15,-16,-18,-48,-52,-70,-70,-81,-63,-77,-63,-71,-62,-62,-51,-70,-19,-77,-37,-45,-21,-52,-18,-53,-8,-27,-40,-58,-10,-18,-10,-18,-10,-10,-10,-10,0,-9,-8,-8,-8,-8,-8,-8,-8]} 1. c4 Nf6 2. Nc3 d5 3. e3 e6 4. Nf3 Nbd7 5. b3 Bd6 6. Bb2 O-O 7. Be2 c6 8. Qc2 dxc4 9. bxc4 e5 10. O-O Re8 11. d4 Qc7 {D45: Semi-Slav: 5 e3} (11... exd4 $11 12. exd4 Nf8) (11... exd4 12. exd4 Nf8 13. Rad1 Ng6 14. Ne5 Nf4 15. Bf3 Qc7 16. Ne4 Nxe4 17. Bxe4 Ng6 18. f4 c5 19. Bd5 Nh8 20. dxc5 Bxc5+ 21. Kh1 {0-1 (37) Spirin,O (2491)-Howell,D (2625) Leiden 2011}) 12. h3 ({Better is} 12. c5 $16 Be7 13. Rae1) 12... exd4 13. exd4 Nf8 {White is slightly better.} 14. Rfd1 Ng6 15. Bf1 Qa5 $146 ({Predecessor:} 15... Bd7 16. a4 Qa5 17. d5 Ne5 {½-½ (61) Kamadadze,Z (2265)-Gagunashvili,M (2405) Tbilisi 2001}) 16. d5 {next dxc6 is good for White.} Ba3 17. Bxa3 Qxa3 18. Rab1 Qc5 19. Qd2 b6 20. Qd4 Qxd4 21. Nxd4 c5 (21... cxd5 $14 22. Nxd5 (22. cxd5 Bd7 $11) 22... Nxd5 23. cxd5 Bd7) 22. Ndb5 Rd8 23. a4 Bf5 24. Rb2 Ne8 25. a5 a6 26. Na3 ({Not} 26. axb6 axb5 27. Rxb5 Rdb8 $17) 26... bxa5 27. Na4 Rac8 28. Rb6 {[%mdl 1024] White has strong compensation.} Bd7 29. Nc3 Ra8 30. Rdb1 Ne7 31. Bd3 Nc8 32. R6b2 f5 33. Bc2 Ned6 34. Ba4 Ra7 35. Rb8 Kf7 36. f4 Re8 37. Kf2 (37. Bxd7 $11 Rxd7 38. Na4) 37... Bxa4 $15 38. Nxa4 Ne4+ 39. Kg1 Rae7 40. R1b2 h5 41. R2b7 Ncd6 42. Rxe7+ $1 Rxe7 43. Rb6 Rb7 44. Rxb7+ $1 Nxb7 $11 {[%mdl 4096] Endgame KNN-KNN} 45. Kf1 $1 Nbd6 46. Ke2 h4 47. Kd3 g5 48. Ke3 $1 g4 49. Nb2 gxh3 50. gxh3 Nc3 51. Nd3 Nde4 52. Ne5+ Kf6 53. Nd7+ Ke7 54. Ne5 Kf6 55. Nf3 Nd1+ 56. Ke2 Ndf2 57. Nxh4 Nxh3 58. Ke3 Nhf2 59. Nf3 Ng4+ 60. Kd3 Nef2+ 61. Kc2 a4 {Hoping for ...Nh3.} 62. Ne1 Ke7 63. Ng2 Ne4 64. Nh4 Kf6 65. Ng2 Nd6 66. Kc3 Nf2 67. Kd2 Kg6 68. Ke3 Nfe4 69. Nh4+ Kf6 70. Nf3 Ke7 (70... Kg7 $15) 71. Nh4 (71. Ne5 $11) 71... Nf6 $17 72. Kd3 Kd7 73. Ng6 Kc7 74. Ne5 Kb6 75. Nb1 Nde4 76. Kc2 Nh5 77. Nd3 {The position is equal.} Nd6 78. Nc3 Nxc4 79. Nxa4+ Kb5 80. Nc3+ Kb6 81. Na4+ Ka7 {Strongly threatening ...Ne3+.} 82. Naxc5 Ne3+ {[%mdl 64] [#] Double Attack} 83. Kc3 {d6 is the strong threat.} Nxd5+ {[%mdl 64] Double Attack} 84. Kd4 Ndxf4 {Accuracy: White = 61%, Black = 52%.} *

[Event "HUN-chT 2018-19"]
[Site "Szombathely"]
[Date "2019.04.28"]
[Round "9.22"]
[White "Papp, Petra"]
[Black "Ribli, Zoltan"]
[Result "1/2-1/2"]
[WhiteElo "2336"]
[BlackElo "2537"]
[Annotator "TA"]
[PlyCount "32"]
[EventDate "2018.11.16"]
[EventType "team-tourn"]
[EventCountry "HUN"]
[SourceTitle "playchess.com"]
[Source "ChessBase"]
[SourceQuality "1"]

{[%evp 11,32,27,50,25,27,57,59,27,13,36,21,16,33,35,42,18,32,16,18,0,106,103,95]} 1. e4 c5 2. Nf3 e6 3. d4 cxd4 4. Nxd4 Nc6 5. Nc3 Qc7 6. Be3 a6 7. Qf3 {B48: Sicilian: Taimanov: 5 Nc3 Qc7 6 Be3 a6 without Be2} Ne5 (7... Nf6 8. O-O-O Ne5 9. Qg3 b5 10. f4 Neg4 11. Bd2 b4 12. Na4 h5 13. Bd3 d5 14. e5 Ne4 15. Bxe4 dxe4 {½-½ (48) Caruana,F (2832)-Shankland,S (2724) Germany 2019}) 8. Qg3 h5 9. O-O-O {And now Ndb5! would win.White is slightly better.} h4 10. Qh3 $1 b5 11. f4 Nc4 12. Bxc4 $1 Qxc4 13. Kb1 $146 {[%mdl 2048] White has some pressure.} ({Predecessor:} 13. Rhe1 Bb7 {½-½ (30) Kulaots,K (2573)-Antal,G (2529) Germany 2017}) 13... Bb7 14. Rhe1 Nf6 15. Bc1 Rc8 (15... Bb4 $11) 16. e5 $16 Nd5 1/2-1/2

[Event "HUN-chT 2018-19"]
[Site "Szombathely"]
[Date "2019.04.28"]
[Round "9.23"]
[White "Aczel, Gergely"]
[Black "Kokeny, Norbert Adrian"]
[Result "1-0"]
[WhiteElo "2549"]
[BlackElo "2279"]
[Annotator "TA"]
[PlyCount "109"]
[EventDate "2018.11.16"]
[EventType "team-tourn"]
[EventCountry "HUN"]
[SourceTitle "playchess.com"]
[Source "ChessBase"]
[SourceQuality "1"]

{[%evp 18,115,0,0,31,11,62,36,58,51,39,22,22,12,18,21,63,70,58,51,52,38,39,35,33,28,37,31,49,49,50,48,70,59,101,55,229,88,106,72,82,62,66,66,86,86,166,154,173,172,163,161,324,266,370,355,306,183,182,175,174,0,103,0,168,174,172,178,239,239,272,245,312,279,441,405,642,630,617,579,513,446,440,432,422,0,403,406,404,379,735,597,976,573,539,520,29974,29971,29990,29988]} 1. d4 Nf6 2. c4 e6 3. Nc3 Bb4 4. e3 b6 5. Bd2 Bb7 6. Nf3 O-O 7. Bd3 d5 8. cxd5 exd5 9. Rc1 Nbd7 10. O-O a6 {E52: Nimzo-Indian: Rubinstein: 4...0-0 5 Nf3 d5 6 Bd3 b6} 11. Ne5 Bxc3 (11... Nxe5 $11 12. dxe5 Nd7) (11... Nxe5 12. dxe5 Nd7 13. f4 Nc5 14. Bb1 d4 15. Ne2 Qd5 16. Rf2 Bxd2 17. Qxd2 {1-0 (40) Yu,Y (2764)-Vaibhav,S (2590) Caleta 2019}) 12. Bxc3 $14 (12. bxc3 $6 Nxe5 13. dxe5 Nd7 $11) 12... Nxe5 {White is slightly better.} 13. dxe5 Ne4 {[#]} 14. Bb4 $146 ({Predecessor:} 14. b4 c5 15. Bxe4 dxe4 16. bxc5 bxc5 {1-0 (42) Sandipan,C (2573)-Laxman,R (2444) Kolkata 2018}) 14... c5 15. Be1 Qg5 16. f4 Qe7 17. Bxe4 dxe4 18. Qh5 f6 19. exf6 Qxf6 20. Bc3 Qf5 21. Qh4 Rad8 22. g4 $36 {[%mdl 2048] Black is under pressure.} Qf7 23. f5 Rd3 24. Qg3 Rd5 25. h4 Bc6 26. h5 h6 $2 (26... Qe7 $14) 27. Rf4 (27. f6 $1 $18 {[%cal Rf6g7] is the precise move to win.} Qe6 28. fxg7) 27... Qd7 28. Kh2 Rd2+ 29. Rf2 Rxf2+ 30. Qxf2 Qd5 31. Qf4 Bb5 (31... Qd8 $16) 32. Rc2 $18 Bd3 33. Rf2 b5 34. a3 Kh7 $2 {[#]} (34... Bc4 35. Kg2 Qd8) 35. Qc7 $1 {[%csl Gc3][%cal Rc7g7][%mdl 512]} Rf7 36. Qb6 Kg8 37. Kh3 (37. Qg6 $142) 37... Bc4 38. Rd2 (38. Qxa6 b4 $17) 38... Bd3 39. Rf2 (39. Qxa6 Rxf5 40. Qg6 (40. gxf5 Qxf5+ 41. Kh4 Qg5+ {[%mdl 64] Double Attack} 42. Kh3 Qf5+ 43. Kh4 Qg5+ {[%mdl 64] Double Attack} 44. Kh3 Qf5+ $11) 40... Rf3+ 41. Kg2 Qf7 $11) ({White should try} 39. Kg2 $18) 39... Bc4 $1 $16 40. Rd2 (40. Qxa6 b4 $17) (40. Qb8+ $16 Rf8 41. Qf4) 40... Bd3 $18 41. Kh2 ({Inferior is} 41. Qxa6 Rxf5 42. Qg6 (42. gxf5 Qxf5+ 43. Kh4 Qg5+ {[%mdl 64] Double Attack} 44. Kh3 Qf5+ 45. Kh4 Qg5+ {[%mdl 64] Double Attack} 46. Kh3 Qf5+ $11) 42... Rf3+ 43. Kg2 Qf7 $11) 41... Rd7 {[#]} 42. Qg6 $1 ({Weaker is} 42. Qxa6 b4 $11) 42... Qd6+ {[#]} (42... b4 {keeps fighting.}) 43. Kg2 $1 {Strongly threatening Qe8+.} Qxg6 44. hxg6 {[%mdl 4096] Endgame KRB-KRB} Rb7 45. Rd1 b4 (45... Rc7 {was worth a try.} 46. Kg3 Rc8) 46. axb4 cxb4 (46... Rc7 $142 47. Be5 Re7) 47. Be5 {Hoping for Rc1.} b3 48. Rc1 {[%cal Rc1c8]} Bc2 49. Ra1 Bd3 50. Ra4 Bb5 51. Ra1 $2 (51. Ra3 $18) 51... Rd7 $2 {[%mdl 8192]} (51... Bd3 $1 $11 {and Black has nothing to worry.}) 52. Kg3 Rd2 53. Bd4 Bd3 $2 (53... Rc2 54. Ra3 Rd2 55. Rxb3 Rc2) 54. Rh1 Be2 {and the idea ...Rd1 leaves Black hopeful.} 55. f6 {Played: Rh1-h2} 1-0

[Event "HUN-chT 2018-19"]
[Site "Szombathely"]
[Date "2019.04.28"]
[Round "9.24"]
[White "Schubert, Gyula"]
[Black "Gara, Ticia"]
[Result "0-1"]
[WhiteElo "2018"]
[BlackElo "2324"]
[Annotator "NA"]
[PlyCount "76"]
[EventDate "2018.11.16"]
[EventType "team-tourn"]
[EventCountry "HUN"]
[SourceTitle "playchess.com"]
[Source "ChessBase"]
[SourceQuality "1"]

1. d4 Nf6 2. Nf3 c5 3. e3 e6 4. Bd3 b6 5. Nbd2 Bb7 6. O-O Be7 7. c3 O-O 8. b3 Nc6 9. Bb2 d5 10. Ne5 Bd6 11. f4 Ne7 12. Qf3 Ng6 13. Qh3 Bxe5 14. fxe5 Ne4 15. Bxe4 dxe4 16. Rf2 b5 17. Qg4 cxd4 18. cxd4 Qd5 19. Ba3 Rfc8 20. Nf1 a5 21. Bd6 f5 22. Qg5 Rc3 23. Rd1 Rac8 24. h4 Nh8 25. Qg3 Nf7 26. Be7 Nh6 27. Nh2 Kh8 28. Rfd2 b4 29. Qf4 Rd3 30. Bc5 Rxd2 31. Rxd2 Rxc5 32. g4 Rc1+ 33. Kg2 Qd8 34. gxf5 Nxf5 35. Kh3 Rg1 36. Rc2 Rg3+ 37. Qxg3 Nxg3 38. Kxg3 h5 0-1

[Event "HUN-chT 2018-19"]
[Site "Szombathely"]
[Date "2019.04.28"]
[Round "9.25"]
[White "Hera, Imre Jr."]
[Black "Almasi, Zoltan"]
[Result "1/2-1/2"]
[WhiteElo "2612"]
[BlackElo "2682"]
[Annotator "TA"]
[PlyCount "60"]
[EventDate "2018.11.16"]
[EventType "team-tourn"]
[EventCountry "HUN"]
[SourceTitle "playchess.com"]
[Source "ChessBase"]
[SourceQuality "1"]

{[%evp 15,60,20,31,0,0,-7,0,-7,12,-20,0,0,0,0,0,-3,-7,-14,-18,-37,-40,-50,-46,-55,-53,-52,-28,-29,-29,-35,-32,-45,0,-14,0,-50,-42,-41,-19,-18,-21,-26,0,-18,0,-25,0]} 1. e4 c5 2. Nf3 Nc6 3. Bb5 g6 4. Bxc6 dxc6 5. d3 Bg7 6. h3 e5 7. Nc3 Ne7 8. Be3 b6 9. Qd2 {B31: Sicilian: 2...Nc6 3 Bb5 g6} h6 10. O-O-O (10. a3 a5 11. Nh2 Be6 12. O-O g5 13. Ne2 O-O 14. Ng3 a4 15. Nh5 f6 16. Rfd1 Qe8 {1-0 (41) Ivanchuk,V (2766)-Radjabov,T (2793) Beijing 2012}) 10... Be6 11. Nh2 {The position is equal.} Qc8 12. Ng4 $146 {[%cal Re3h6]} ({Predecessor:} 12. f4 exf4 13. Bxf4 Qa6 14. a3 b5 15. Nf3 b4 16. Nb1 Qb5 {0-1 (36) Okhotnik,V (2499)-Prie,E (2501) Larange 2000}) 12... h5 13. Nh2 $1 Qa6 14. a3 O-O-O 15. Nf3 f6 16. Qe2 h4 17. Nh2 g5 18. Ng4 Ng6 19. Kb1 Kb8 20. Qf3 Rhf8 21. Bc1 Rf7 22. Ne3 Bf8 23. g3 b5 24. b3 Qc8 25. Nf5 Rb7 26. Bb2 a5 27. Ne3 Be7 28. Nf5 Bf8 29. Ne3 $1 Be7 30. Nf5 $1 {[%cal Rf5e7]} Bf8 {Accuracy: White = 61%, Black = 54%.} 1/2-1/2

[Event "HUN-chT 2018-19"]
[Site "Szombathely"]
[Date "2019.04.28"]
[Round "9.26"]
[White "Areshchenko, Alexander"]
[Black "Jankovic, Alojzije"]
[Result "1-0"]
[WhiteElo "2652"]
[BlackElo "2539"]
[Annotator "TA"]
[PlyCount "64"]
[EventDate "2018.11.16"]
[EventType "team-tourn"]
[EventCountry "HUN"]
[SourceTitle "playchess.com"]
[Source "ChessBase"]
[SourceQuality "1"]

{[%evp 21,64,22,22,20,28,18,35,26,17,12,32,26,30,29,27,31,32,24,20,35,41,33,29,21,25,35,38,43,41,38,113,114,101,72,255,247,243,123,131,123,382,385,379,373,389]} 1. e4 c5 2. Nf3 d6 3. Bb5+ Bd7 4. Bxd7+ Qxd7 5. c4 Nf6 6. Nc3 g6 7. d4 cxd4 8. Nxd4 Bg7 9. f3 O-O 10. Be3 Nc6 11. O-O a6 12. Qd3 {B52: Sicilian: Moscow Variation with 3...Bd7} (12. Na4 Rab8 13. Nxc6 Qxc6 14. Nb6 Nd7 15. Nxd7 Qxd7 16. Rf2 b5 17. c5 Qa7 18. Rc1 dxc5 19. Bxc5 Qc7 {1-0 (50) Caruana,F (2807)-Kasparov,G (2812) Saint Louis 2017}) 12... Ne5 13. Qe2 Rfc8 14. b3 {White is slightly better.} b5 {[%cal Rb5c4]} 15. Nd5 $1 {[%cal Rd5b6]} Rab8 $146 {[%cal Rb5c4]} ({Predecessor:} 15... Nxd5 16. cxd5 Rc3 17. Rad1 Rf8 18. h3 Qb7 19. f4 Nd7 {1-0 (27) Toca,A (2150)-Price,B (2076) ICCF email 2016}) 16. cxb5 axb5 17. Nb4 d5 18. Rad1 e6 19. exd5 Nxd5 20. Nxd5 exd5 21. Bf4 Re8 22. Qd2 Qa7 23. Kh1 {[#] aiming for Bxe5.} Qa6 24. Rfe1 Ra8 25. Qe2 b4 (25... Qxa2 $14 26. Qxa2 (26. Qxb5 Rab8 $11) 26... Rxa2) 26. Qxa6 $16 Rxa6 27. Nb5 $36 {[%mdl 2048] And now Nc7 would win. White is in control.} Rxa2 $2 {[#]} (27... Re7 $16) 28. Nc7 $1 $18 {[%cal Rc7e8]} ({Weaker is} 28. Rxd5 f6 $11) 28... Rc8 29. Nxd5 ({Less strong is} 29. Rxe5 Bxe5 30. Bxe5 Re2 $16) ({White has to play} 29. Bxe5 $18 Bxe5 30. Nxd5) 29... Nc6 $16 30. Rc1 {Strongly threatening Nxb4!} Bf8 $2 {[%mdl 8192]} (30... Bc3 $16) 31. Nb6 $18 Rd8 {White should prevent ...Na5.} 32. Rxc6 Ra6 {Accuracy: White = 80%, Black = 41%.} 1-0

[Event "HUN-chT 2018-19"]
[Site "Szombathely"]
[Date "2019.04.28"]
[Round "9.27"]
[White "Nemeth, Miklos"]
[Black "Sethuraman, S.P."]
[Result "1-0"]
[WhiteElo "2486"]
[BlackElo "2624"]
[Annotator "TA"]
[PlyCount "149"]
[EventDate "2018.11.16"]
[EventType "team-tourn"]
[EventCountry "HUN"]
[SourceTitle "playchess.com"]
[Source "ChessBase"]
[SourceQuality "1"]

{[%evp 26,149,9,5,54,27,38,6,28,0,0,0,0,0,0,0,0,0,0,0,0,0,0,-26,-12,-24,-18,-52,-29,-64,-6,-58,-30,-61,-51,-47,-40,-41,-49,-35,-33,-31,0,0,0,0,0,-1,0,-8,-6,-7,17,5,5,0,0,0,0,0,0,0,0,0,0,0,0,0,108,110,138,138,219,142,387,370,329,344,573,589,655,574,1393,1207,1099,1008,1126,0,414,0,1784,1395,1619,1543,801,5097,2380,9786,9834,8620,6047,4798,29951,1939,29978,29979,29979,29979,29982,29982,29983,29984,29984,29977,29979,29980,29980,29981,29981,29982,29982,29983,29983,29984,29986,29987]} 1. e4 c5 2. Nf3 Nc6 3. d4 cxd4 4. Nxd4 e6 5. Nc3 Qc7 6. Be2 Nf6 7. O-O Be7 8. Be3 d6 9. f4 O-O 10. Qe1 a6 11. Qg3 Nxd4 12. Bxd4 b5 13. a3 Bb7 14. Rae1 g6 {B85: Sicilian Scheveningen: 6 Be2 a6, lines with early Be3} (14... Bc6 15. Kh1 Rad8 16. Bd3 Qd7 17. b4 Nh5 18. Qg4 Nf6 19. Qg3 Nh5 20. Qg4 Nf6 21. Qg3 Qb7 22. Qh3 h6 23. Rf3 Qc8 {1-0 (56) Azarov,S (2575)-So,W (2765) chess.com INT 2019}) 15. Bf3 Nd7 16. f5 Ne5 {The position is equal.} 17. Be2 $146 {[#] Strongly threatening f6.} (17. Bg4 $5) ({Predecessor:} 17. Bd1 Bf6 18. Be3 Qe7 19. Qf2 Nd7 20. Bd4 Rac8 21. Bxf6 Qxf6 22. fxg6 Qxf2+ 23. Rxf2 hxg6 {0-1 (38) Snijders,J-Noomen,J Netherlands 1989}) 17... Bf6 18. Kh1 Qe7 19. Rd1 Rac8 20. Bd3 Kh8 21. fxe6 fxe6 22. a4 b4 $36 {[%mdl 2048] Black is more active.} 23. Ne2 Rf7 24. Rf4 Rcf8 25. Rdf1 Kg8 26. Kg1 a5 27. Bb5 Kh8 (27... Nd7 $15 28. Bxd7 e5) 28. h4 (28. c3 $11) 28... Bg7 29. R1f2 Rxf4 30. Rxf4 Rc8 31. c3 Kg8 32. Qg5 Qxg5 (32... Bf8 {feels hotter.} 33. Qxe7 Bxe7 34. cxb4 axb4 35. a5 Bd8) 33. hxg5 Bc6 34. Bxc6 $1 Rxc6 35. Rf1 bxc3 36. bxc3 Rc8 37. Nf4 Re8 38. Rb1 Re7 39. Rb6 Nc4 40. Rc6 Nd2 41. Rxd6 Nxe4 42. Rxe6 Bxd4+ 43. cxd4 Rxe6 44. Nxe6 $11 {[%mdl 4096] Endgame KN-KN} Kf7 45. Nd8+ Ke7 46. Nc6+ Kd6 (46... Ke6 $11 {remains equal.}) 47. Nxa5 $16 Kd5 48. Nb3 Nxg5 49. Kf2 Ne6 $2 (49... Ne4+ $16 {was worth a try.} 50. Ke3 h6) 50. a5 {[%cal Ba4a5,Ba5a6,Ba6a7][%mdl 32]} Nc7 51. Ke3 Na6 $2 {[#]} (51... h5 52. Nc5 Kd6) 52. Nc5 $1 $18 {[%mdl 512]} Nc7 (52... Nxc5 53. dxc5) 53. a6 h6 54. Kd3 Nb5 55. Ne4 {Black must now prevent Nc3+.} Nc7 56. Nc5 (56. a7 $142 h5 57. Nc5) 56... Nb5 57. Ke3 (57. Na4 $142 Na7 58. Nb6+ Kc6 59. Nc4) 57... Nc7 $1 58. a7 Na8 59. Nd7 Kc6 60. Ne5+ Kb7 61. Nxg6 Kxa7 62. g4 Kb6 63. Ke4 Nc7 64. Ne7 (64. Ke5 $142 Kc6 65. Ne7+ Kd7 66. d5 Nb5 67. Nf5 Na3 68. Nxh6 Nc4+ 69. Kd4) 64... Ne8 65. Ke5 {White mates.} Kc7 66. Ng8 Kd8 67. d5 Nc7 68. Nxh6 Ke8 69. Nf5 Kf7 70. d6 Na6 71. d7 Nb8 72. Kd6 Nxd7 73. Kxd7 Kf6 74. Ne3 Kg5 75. Ke6 {Accuracy: White = 59%, Black = 49%.} 1-0

[Event "HUN-chT 2018-19"]
[Site "Szombathely"]
[Date "2019.04.28"]
[Round "9.28"]
[White "Szabo, Gergely-Andras-Gyul"]
[Black "Ruck, Robert"]
[Result "1-0"]
[WhiteElo "2528"]
[BlackElo "2515"]
[Annotator "TA"]
[PlyCount "67"]
[EventDate "2018.11.16"]
[EventType "team-tourn"]
[EventCountry "HUN"]
[SourceTitle "playchess.com"]
[Source "ChessBase"]
[SourceQuality "1"]

{[%evp 22,85,4,0,1,0,33,37,35,35,35,39,35,27,36,36,45,44,66,32,20,24,61,68,67,62,70,-26,-16,-25,-7,-25,0,0,74,-7,0,-51,141,137,226,238,420,415,494,481,472,449,532,523,575,570,675,666,600,581,803,758,971,949,1346,1094,3229,3237,2624,2394]} 1. c4 e5 2. g3 Nf6 3. Bg2 d5 4. cxd5 Nxd5 5. Nc3 Nb6 6. Nf3 Nc6 7. O-O Be7 8. a3 O-O 9. b4 Re8 10. Rb1 Bf8 11. d3 Nd4 12. Nd2 c6 {A29: English Opening: Four Knights Variation with 4 g3} 13. e3 Ne6 14. Qc2 {[#]} Qc7 $146 {White is slightly better.} ({Predecessor:} 14... Nc7 15. Nce4 Bf5 16. Nb3 Nb5 17. Na5 Rb8 18. Bb2 Bg6 19. Rbd1 Nd6 20. Nc5 {½-½ (43) Sykora,J (2546)-Sferle,M (2541) ICCF email 2005}) 15. Nb3 Bd7 16. Ne4 Rad8 17. Bb2 Bc8 18. Rfd1 Nd5 19. Rbc1 f6 20. Nec5 Nxc5 21. Nxc5 Qf7 22. d4 Bg4 23. Rd2 Bxc5 24. Qxc5 (24. bxc5 $14 Nc7 25. dxe5) 24... e4 $11 25. Qxa7 Bf3 26. Bf1 f5 (26... Ra8 $5 27. Qc5 $8 h5 $14) 27. b5 $1 $36 {[%cal Rb5c6][%mdl 2048] White has the initiative.} cxb5 (27... Ra8 $11 28. Qc5 Re6) 28. Rdc2 ({White should play} 28. Bxb5 $16 Rf8 29. Bc4) 28... f4 29. exf4 (29. Bxb5 $11 fxe3 30. fxe3 (30. Bxe8 exf2+ 31. Rxf2 Rxe8 $11)) 29... Qh5 $2 {[#]} (29... e3 $1 $15 {stays ahead.} 30. Qa5 (30. Bxb5 Nxf4 31. Bxe8 Rxe8 $19) 30... Be4 31. Qxb5 Bxc2 32. Rxc2 Kh8) 30. Qxb7 $16 Re7 (30... Rb8 $16 31. Qd7 Bg4) 31. Qxb5 $18 {And now Rc8 would win.} h6 $2 (31... Ree8 32. a4 Rb8) 32. Rc8 Ree8 33. Rxd8 {White is clearly winning.} Rxd8 34. a4 {Played: Rc1-c5} 1-0